LEADER 00933nam0-22003011i-450- 001 990003929030403321 035 $a000392903 035 $aFED01000392903 035 $a(Aleph)000392903FED01 035 $a000392903 100 $a20021018d2002----km y0itay50------ba 101 0 $aeng 200 1 $aAdvances in finance and stochastics$eEssays in honour of Die ter Sondermann$fKlaus Sandmann, Philipp J. Schonbucher (eds.) 210 $aBerlin Heidelberg$cSpringer-Verlag$d2002 215 $axix, 312 p.$cill.$d24 cm 610 0 $aProbabilità 610 0 $aAnalisi stocastica 610 0 $aMatematica finanziaria 676 $a530.475 700 1$aSandmann,$bKlaus$0147920 702 1$aSchonbucher ,$bPhilipp J. 801 0$aIT$bUNINA$gRICA$2UNIMARC 901 $aBK 912 $a990003929030403321 952 $aMIII-A-202$b9099$fMAS 959 $aMAS 996 $aAdvances in finance and stochastics$9511949 997 $aUNINA LEADER 01081nam a2200313 i 4500 001 991001011919707536 005 20020507181620.0 008 970625s1971 us ||| | eng 020 $a0387900241 035 $ab10788827-39ule_inst 035 $aLE01305722$9ExL 040 $aDip.to Matematica$beng 082 0 $a511.322 084 $aAMS 03E30 084 $aAMS 04-01 100 1 $aTakeuti, Gaisi$050858 245 10$aIntroduction to axiomatic set theory /$cG. Takeuti, W. M. Zaring 260 $aNew York :$bSpringer-Verlag,$cc1971 300 $avii, 250 p. ;$c25 cm. 490 0 $aGraduate texts in mathematics,$x0072-5285 ;$v1 500 $aBibliography: p. 239 650 0$aAxiomatic set theory 700 1 $aZaring, Wilson M. 907 $a.b10788827$b23-02-17$c28-06-02 912 $a991001011919707536 945 $aLE013 03E TAK11 (1971)$g1$i2013000086569$lle013$o-$pE0.00$q-$rl$s- $t0$u1$v0$w1$x0$y.i10889243$z28-06-02 996 $aIntroduction to axiomatic set theory$9339847 997 $aUNISALENTO 998 $ale013$b01-01-97$cm$da $e-$feng$gus $h0$i1